000 00445nam a2200145Ia 4500
041 _aKurdish
082 _a320 cut-972 ت
100 _a20260118u\\\\\\\\\\\y0engy0103\\\\ba
100 _aگۆران محمود اسماعیل تەلانى
245 0 _aڕۆشنگەرییەت لە چەمکى سیاسەتدا
250 _aچ1
260 _bچاپخانە پەیوەند
_aسلیمانى - العراق
_c2011
300 _a143
942 _cBk
999 _c189256
_d189256